Mot mystérieux - Série 30 - Statistiques

Statistiques générales
  • Ce quiz a été pris 89 fois
  • Le résultat moyen est 7 sur 10
Statistiques - réponses
Indices Mot % Correct
Mer - Filante - Polaire - Berger Etoile
97%
Tire - Liege - Verseur - Champagne Bouchon
93%
Colonie - Scolaires - Paques - Location Vacances
89%
Femme - Scène - Remue - Domicile Ménage
85%
Paie - Santé - Météo - Vote Bulletin
78%
Bac - Château - Grain - Vent Sable
76%
Autobus - Maison - Jeu - Mandat Arret
62%
Bilan - Carnet - Parcours - Fer Santé
61%
Pierre - Flamme - Fer - Torpille Lance
45%
Alimentaire - Distribution - Vélo - Travail Chaine
41%
Aucun quiz correspondant
Distribution des résultats
% des personnes avec chaque résultat
Percentile par nombre de réponses
Votre historique - résultats
Vous n’avez pas pris ce quiz